| Tag |
First Indicator |
Second Indicator |
Subfields |
| LEADER |
00000cam a2200000 a 4500 |
| 001 |
in00000086313 |
| 005 |
20151008062644.0 |
| 008 |
780104s1953 pauabc 00010 engm |
| 010 |
|
|
|a 53007174
|
| 035 |
|
|
|a (OCoLC)03530908
|
| 035 |
|
|
|9 AAK0672AM
|
| 040 |
|
|
|a DLC
|c OCP
|d TXA
|d UtOrBLW
|
| 049 |
|
|
|a TXAS
|c [1702059]
|
| 050 |
|
0 |
|a E83.866
|b .B85 1953
|
| 082 |
0 |
|
|a 973.8
|
| 100 |
1 |
|
|a Brininstool, E. A.
|q (Earl Alonzo),
|d 1870-1957.
|
| 245 |
1 |
0 |
|a Fighting Indian warriors :
|b true tales of the wild frontiers /
|c by E.A. Brininstool.
|
| 264 |
|
1 |
|a Harrisburg, Pa. :
|b Stackpole Co.,
|c 1953.
|
| 300 |
|
|
|a xiii, 353 pages :
|b illustrations, maps, portraits ;
|c 22 cm.
|
| 336 |
|
|
|a text
|b txt
|2 rdacontent
|
| 337 |
|
|
|a unmediated
|b n
|2 rdamedia
|
| 338 |
|
|
|a volume
|b nc
|2 rdacarrier
|
| 500 |
|
|
|a "Revised and expanded edition of ... 'Fighting Red Cloud's warriors' ... published in 1926 by the Hunter-Trader-Trapper Company, Columbus, Ohio."--Title page verso.
|
| 500 |
|
|
|a Includes reproductions of "Defeat of Roman Nose" by R.F. Zogbaum (page 99) and "Dull Knife protesting to Post Commander" by M. Dixon (page 142).
|
| 600 |
0 |
0 |
|a Red Cloud,
|d 1822-1909.
|
| 650 |
|
0 |
|a Indians of North America
|x Wars
|y 1866-1895.
|
| 650 |
|
0 |
|a Frontier and pioneer life
|z West (U.S.)
|
| 700 |
1 |
|
|a Zogbaum, Rufus Fairchild,
|d 1849-1925.
|
| 700 |
1 |
|
|a Dixon, Maynard,
|d 1875-1946.
|
| 999 |
|
|
|a MARS
|
| 999 |
f |
f |
|s 2bcff9ef-64d8-3903-97d5-38b49a7b423b
|i 69e90495-dacb-32fb-b367-c8d08dfbf04c
|t 0
|
| 952 |
f |
f |
|p noncirc
|a Texas A&M University
|b College Station
|c Cushing Memorial Library & Archives
|d Cushing: Kelsey Illustrators (Does not check out)
|t 0
|e E83.866 .B85 1953
|h Library of Congress classification
|i unmediated -- volume
|m A14805970150
|
| 998 |
f |
f |
|a E83.866 .B85 1953
|t 0
|l Cushing: Kelsey Illustrators (Does not check out)
|